000 00470nam a2200169Ia 4500
003 GCL
008 140319s9999 xx 000 0 ara d
040 _aGCL /
_cGCL
082 0 4 _aط
_b813.087
_bص ف
100 1 _aصالح مهدى حبيب
245 1 0 _aالفجوة الزمنية /
_cصالح مهدى حبيب
490 _aروايات عالمية
_v0
650 0 4 _aالاطفال
650 0 4 _aالقصص
650 0 4 _aقصص الاطفال
942 _2ddc
_cBK
999 _c44769
_d44769